Quizzes
Events
Quiz Creation
Community
Videos
Private Events
Remove Ads
Sign In
Join for FREE
Feedback
Dark Mode
Quiz Categories
Sports
Geography
Music
Movies
Television
Just For Fun
Miscellaneous
History
Literature
Language
Science
Gaming
Entertainment
Religion
Holiday
For Kids
Quiz Lab
Recent
Popular Today
Quiz Kudos Today
Editor Picks
Curator Picks
Quizzes by...
Day
Popularity
Type
Ratings
Length
Year
Community
Subscriptions
Recent Discussions
Orange Saloon
Badges
Playlists
Quests
Create
Leaderboards
Showdown
Live 5
Trivia Bingo
Activity
Puzzle Library
Sporcle Events
Private Events
Virtual Trivia
Globe League
Become a Host
Pub Owners
SporcleCon
Opinionation
Our Games
Videos
Blog
Mobile Apps
Partnerships
Remove Ads and Go Orange
Feedback
Sports
Athletes
MLB
NBA
NHL
NFL
Soccer
Sports Teams
WWE
NCAA
Football
Premier League
Basketball
Baseball
Hockey
Golf
Tennis
Cricket
Rugby
Auto Racing
Olympics
World Cup
Sports
Athletes
MLB
NBA
NHL
NFL
Soccer
Sports Teams
WWE
NCAA
Football
Premier League
Basketball
Baseball
Hockey
Golf
Tennis
Cricket
Rugby
Auto Racing
Olympics
World Cup
Random Quiz
Search Sporcle
×
Quiz Lab
Quiz Lab
Sports
WWE
Type in answers that appear in a list
Type in answers that appear in a list
Classic
Best Score? Go Orange.
Deceased Wrestling PPV Competitors Stats
Can you name the deceased competitors at WWE, WCW or ECW pay-per-views?
By
alexrushfear
20m
179 Questions
5,419 Plays
5,419 Plays
5,419 Plays
Comments
Comments
Give Quiz Kudos
Give Quiz Kudos
-
- Ratings
hide this ad
Replay
Link that replays current quiz
Next Quiz
Link to next quiz in quiz playlist
You Got
0%
They Got
Avg Score
46%
Avg Friend Score
Upgrade to see
Score Distribution
Jump to the score distribution portion of the page
Score
0/179
Timer
20:00
0
Plays Today
First PPV
Wrestler
% Correct
Starrcade '84
Ole Anderson
100%
The Great American Bash '96
Kevin Greene
95.8%
SummerSlam '13
Bray Wyatt
94.7%
Royal Rumble '91
Virgil
93.3%
Starrcade '83
'Rowdy' Roddy Piper
92.4%
The Wrestling Classic
Terry Funk
92%
Starrcade '86
Road Warrior Hawk
91.9%
WrestleMania 1
André the Giant
91.3%
The Great American Bash '89
Scott Hall
91.3%
Starrcade '86
Road Warrior Animal
91.2%
Starrcade '84
Dusty Rhodes
91.1%
The Wrestling Classic
Randy Savage
90.7%
SuperBrawl III
Chris Benoit
90.2%
WrestleMania 1
The Iron Sheik
89.6%
World War 3 '95
Eddie Guerrero
89.1%
Survivor Series '88
Owen Hart
89%
WrestleMania 1
Paul Orndorff
88.3%
WrestleMania 1
King Kong Bundy
88.2%
WrestleMania 4
The Ultimate Warrior
88.1%
The Wrestling Classic
Davey Boy Smith
87.8%
Starrcade '83
Harley Race
87.7%
WrestleMania 2
Jim Neidhart
87.6%
Survivor Series '13
Luke Harper
87%
Survivor Series '88
Mr Perfect
85.2%
The Great American Bash '90
Vader
84.5%
Starrcade '86
Rick Rude
83.7%
Starrcade '86
Big Bubba Rogers
83.6%
The Wrestling Classic
Dynamite Kid
83.1%
WrestleMania 1
Nikolai Volkoff
82.9%
WrestleMania 2
Bruno Sammartino
82.3%
SummerSlam '89
Jimmy Snuka
81.8%
Survivor Series '92
Yokozuna
81.2%
WrestleMania 4
Bobby Heenan
81.1%
Unforgiven '05
Ashley
80.7%
Survivor Series '87
Bam Bam Bigelow
80.2%
WrestleMania 1
Junkyard Dog
80.2%
Starrcade '84
Paul Jones
80%
Royal Rumble '89
Bushwhacker Butch
79.6%
WrestleMania 3
Butch Reed
79.2%
November to Remember '97
New Jack
79%
SummerSlam '92
Kamala
79%
Survivor Series '90
Crush
79%
WrestleMania 1
Big John Studd
78.4%
Unforgiven '02
Jamal
78.3%
WrestleMania 2
George 'The Animal' Steele
78%
Royal Rumble '99
Chyna
77.9%
Survivor Series '99
Mae Young
77.9%
Survivor Series '89
Earthquake
77.7%
Royal Rumble '99
Test
76.7%
Starrcade '84
Billy Graham
76.6%
WrestleMania 2
Pedro Morales
76.5%
The Great American Bash '89
Brian Pillman
76.1%
WrestleMania 2
The Fabulous Moolah
76%
WrestleMania 1
Matt Borne
75.8%
SummerSlam '89
Zeus
75.6%
SummerSlam '90
Kerry Von Erich
75.5%
King of the Ring '00
Pat Patterson
75.5%
Survivor Series '87
Sensational Sherri
75.1%
Survivor Series '93
Mabel
74.6%
Starrcade '90
Danny Johnson
74.4%
First PPV
Wrestler
% Correct
Starrcade '83
Hercules
74%
Cyber Sunday '06
Shad
74%
SuperBrawl VI
Johnny Grunge
73.3%
WrestleWar '90
Buzz Sawyer
73%
Starrcade '85
Bobby Eaton
72.9%
Survivor Series '87
Ron Bass
72.9%
Ground Zero: In Your House
Brian Christopher
72.5%
Starrcade '84
Elijah Akeem
72.2%
No Mercy (UK) '99
Nicole Bass
72.2%
Royal Rumble '95
Timothy Well
71.9%
WrestleMania 3
Tom Zenk
71.7%
Survivor Series '87
Dino Bravo
71.7%
Unforgiven '02
Rosey
71.7%
Halloween Havoc '90
Chris Youngblood
71.5%
SummerSlam '99
Crash Holly
71.1%
WrestleMania 5
Mr. Fuji
70.9%
SummerSlam '95
Skip
70.5%
November to Remember '97
Axl Rotten
70.4%
WrestleMania 4
Bad News Brown
70.2%
WrestleMania 1
S.D. Jones
70%
Starrcade '83
Rufus R. Jones
69.3%
WrestleMania 2
Bill Fralic
69.2%
WrestleMania 1
The Executioner
69.2%
WrestleMania 2
Russ Francis
68.9%
Survivor Series '94
Pink the Clown
68.2%
Armageddon '03
Lance Cade
67.9%
November to Remember '97
Balls Mahoney
67.2%
Breakdown: In Your House
Droz
67.1%
The Wrestling Classic
Adrian Adonis
66.9%
Survivor Series '96
Fake Razor Ramon
66.9%
The Great American Bash '89
Terry Gordy
66.8%
The Wrestling Classic
Corporal Kirchner
66.8%
Royal Rumble '90
Lanny Poffo
65.7%
WrestleMania 3
Lord Littlebrook
65.5%
SummerSlam '91
General Adnan
65.3%
Heat Wave '98
Mike Awesome
65.2%
Fall Brawl '94
The Patriot
64.3%
Halloween Havoc '90
Moondog Rex
64.2%
Starrcade '85
Buddy Landel
63.8%
Bash at the Beach '00
Daffney
63.3%
WrestleMania 10
Luna Vachon
63%
WrestleMania 7
Koji Kitao
62.8%
Starrcade '84
Ivan Koloff
62.7%
The Great American Bash '90
El Gigante
62.5%
Starrcade '83
Dick Slater
62.1%
Slamboree '93
Blackjack Mulligan
62%
The Great American Bash '90
Tracy Smothers
61.8%
World War 3 '97
Silver King
61.8%
Starrcade '83
Jody Hamilton
61.4%
Royal Rumble '95
Mantaur
61.2%
New Blood Rising
Sean O'Haire
61.2%
Starrcade '90
Rocco Rock
60.8%
WrestleMania 3
Little Beaver
59.9%
The Great American Bash '88
Russian Assassin #1
59.7%
Survivor Series '95
Rad Radford
59.2%
WrestleMania 6
Sapphire
59.1%
WrestleMania 3
Little Tokyo
59.1%
World War 3 '95
Chris Kanyon
57.5%
SummerSlam '93
Jimmy Del Ray
57.5%
WrestleWar '89
Dick Murdoch
57.3%
First PPV
Wrestler
% Correct
The Great American Bash '88
Tommy Rogers
56.4%
Royal Rumble '98
Battalion
56.4%
Survivor Series '93
Jeff Gaylord
56.3%
Starrcade '87
Steve Williams
56.2%
Heat Wave '98
Big Dick Dudley
55.3%
Starrcade '86
Don Kernodle
55.2%
In Your House 10: Mind Games
Jose Lothario
54.8%
Survivor Series '94
Cheesy
54.7%
Starrcade '83
Jack Brisco
54.6%
Starrcade '90
Masa Saito
54.3%
WCW/
New Japan Supershow 3
Tony Halme
54.2%
Slamboree '00
Ralphus
54.2%
Royal Rumble '97
Perro Aguayo
53.8%
Fall Brawl '93
Charlie Norris
53.6%
Fall Brawl '93
Ice Train
53.3%
WrestleMania 2
Uncle Elmer
53.3%
Royal Rumble '95
Steven Dunn
53.2%
SummerSlam '95
Bertha Faye
52.4%
WrestleMania 2
Harvey Martin
52.4%
The Wrestling Classic
Moondog Spot
51.9%
WrestleWar '90
Norman the Lunatic
50.2%
Royal Rumble '97
Héctor Garza
50.1%
Starrcade '86
Nelson Royal
49.7%
Starrcade '90
Chris Adams
49.7%
Barely Legal
Pitbull #2
49.3%
Slamboree '93
Nick Bockwinkel
49.3%
WrestleMania 2
Ernie Holmes
49.3%
Starrcade '84
Mike Graham
49%
Starrcade '86
Brad Armstrong
48.9%
Starrcade '83
Jay Youngblood
48.8%
Starrcade '84
Buzz Tyler
48.4%
Starrcade '83
Wahoo McDaniel
48.4%
The Great American Bash '95
The Renegade
47.7%
Badd Blood: In Your House
Tarantula
47.4%
Starrcade '87
Eddie Gilbert
46.7%
World War 3 '95
Maxx Muscle
46.7%
Fall Brawl '93
Yoshi Kwan
46.6%
The Great American Bash '90
Doug Furnas
46.2%
Souled Out '00
The Wall
46.1%
Barely Legal
John Kronus
44.9%
Survivor Series '87
Donna Christanello
42.4%
Heat Wave '98
Hayabusa
41.2%
Ground Zero: In Your House
El Torito
40.7%
World War 3 '98
Bobby Duncum, Jr.
40.6%
Uncensored '96
Loch Ness
39.4%
Starrcade '84
Mike Davis
39.3%
Uncensored '96
The Ultimate Solution
38.6%
Halloween Havoc '91
Doug Somers
38.3%
Starrcade '84
Ray Candy
36.8%
Starrcade '83
Johnny Weaver
36.5%
Halloween Havoc '91
Joey Maggs
35.8%
Halloween Havoc '90
Al Green
35.6%
Starrcade '84
Mr. Ito
35.2%
World War 3 '95
Mark Starr
35.1%
The Great American Bash '92
Shinya Hashimoto
34.1%
Slamboree '97
Reggie White
33.7%
Starrcade '86
Shaska Whatley
32.3%
World War 3 '96
Tony Rumble
32.2%
Starrcade '86
Bobby Jaggers
29.8%
Quiz Playlist
Details
Report
Send in Message
Add To Playlist
Classic:
Type in answers that appear in a list
Last Updated: Jun 16, 2023
Quiz Scoreboard
CHALLENGE
Sign Up to Join the Scoreboard
Show All
Scores
Hide
Comments
May contain spoilers
Recently Published
Pick 6: Fruits
by JohnFran
Miscellaneous
15s
Click the 1999 NBA Draft
by nibperrychub
Sports
2m
Alphabetical 'K' Countries by Flag Minefield
by ylime102
Geography
3m
More to Explore
Quiz From the Vault
Featured Blog Post
15 Basketball Trivia Facts You Can Be March Mad About
hide this ad
You Might Also Like...
Tags
WWE Quiz
competitor
death
Deceased
ECW
Pay-per-view
PPV
WCW
Wrestlers
Wrestling
Today's Top Quizzes in Sports
Browse Sports
hide this ad
Today's Top Quizzes in WWE
Browse WWE
Top Contributed Quizzes in Sports
1
Les joueurs à 100 buts en Ligue 1 Uber Eats
2
2022 World Cup Stars
3
Millionaire: NBA Finals Edition
4
2024 March Madness Bracket
5
Players with Multiple 50 Home Run Seasons
6
Criteria MLB: Left Handed Sluggers
7
Nickname Match: Athletes VI
8
Iconic Moments in Football - Multiple Choice
9
NFL MVPs ordered
10
NBA Championships Per City
Explore More
Trending Topics
Kpop
Disney
Harry Potter
Crossword
Anime
Marvel
NBA
Pokémon
WWE
The Office
Soccer
Song
Puzzle
Country
NFL
hide this ad
More By:
alexrushfear
Quiz
Plays
Rating
Category
Featured
Created
Gimme Five: 3:16 Edition
7,090
4.50
Sports
Dec 28, 2012
Deceased Wrestling PPV Competitors
5,419
4.64
Sports
Nov 16, 2012
Real or Fictional Wrestlers?
4,645
4.50
Sports
May 2, 2014
Moustachioed Wrestlers
4,594
4.00
Sports
Nov 3, 2012
Every WWE Armageddon match ever
4,245
4.36
Sports
Aug 29, 2012
Go to Creator's Profile
Score Distribution
Quiz Creator Spotlight
alexrushfear
Follow
Send a Message
Quizzes Created
-
Created Quiz Play Count
-
More By This Creator
Popular Quizzes Today
1
Countries of Asia Without Outlines Minefield
2
Pick 6: Fruits
3
Find the US States - No Outlines Minefield
4
Alphabetical 'K' Countries by Flag Minefield
5
Click the 1999 NBA Draft
6
The Countries of the World
7
Match the Book to the Film X
8
Find the US States
More Sports Quizzes
The Dagger: Raptors-76ers
Quiz Lab
Trending Quizzes
Donkey Kong Minefield
Multiplication Danger Zone
DC Extended Universe: Oldest to Newest
The 3rd Thing You Need to Know: Actresses
Minefield Map: North American Capitals
Recently Updated
Women's Final Four Teams by Year
bhenderson79
Presidents Quartet II
eogle
Anything But Clue(do)
eogle
Anything But Oceanian Capitals
eogle
Anything But 7
eogle
Anything But Thing
eogle
Word Ladder: February 29
pecheneg
Song Title Questions
pecheneg
Women's NCAA Tournament #1 Seeds
pecheneg
Celebrity Mug Shots
pecheneg
Trending Topics
Crossword
Harry Potter
Marvel
NBA
Kpop
Anime
Disney
WWE
The Office
Country
NFL
Puzzle
Song
Pokémon
Soccer
Your Account Isn't Verified!
In order to create a playlist on Sporcle, you need to verify the email address you used during registration. Go to your
Sporcle Settings
to finish the process.
Report this User
Report this user for behavior that violates our
Community Guidelines
.
Details:
Send Report
Go to the Sporcle.com Mobile Site →
Comments